000 01138nam a22002777a 4500
999 _c63564
_d63564
005 20240530110648.0
008 171102s2015 ua h g b 000 0 ara d
017 _a2015/1669
_bمصر. دار الكتب
020 _a9789777220750
040 _aEG-CaGPL
_cEG-CaGPL
082 0 4 _221
_a370.15 /
_bم ق
100 0 _aمنال البارودى
245 1 0 _aفن التعامل مع شخصية القائد الصغير /
_cاعداد منال البارودى ؛ اشراف علمى مدحت محمد ابو النصر
250 _aط. 1
260 _aالقاهرة :
_bالمجموعة العربية للتدريب و النشر ،
_c2015.
300 _a206 ص. :
_bصور ؛
_c24 سم.
490 0 _aسلسلة قائد المستقبل ؛
_v3
504 _aيشتمل على ارجاعات ببليوجرافية
650 0 7 _2qrmak
_aعلم النفس الاجتماعى
650 0 7 _2qrmak
_aالسلوك الاجتماعى
650 0 7 _2qrmak
_aالاطفال
_xتربية
651 _2qrmak
700 0 _aمدحت محمد ابو النصر
_eمشرف
942 _2ddc
_cBK